000 00741nam a2200205 a 4500
001 000025372
003 AM-YEHGA
005 20250618070857.0
008 990712s1971 ai a||||||||||||||1|arm|d
040 _aAM-YeHGA
041 0 _aarm
100 1 _aԱվագյան, Աբիգ Համազասպի,
_d1919-1983
_9969
245 1 0 _aՀարավային տենդ :
_b[Պատմվածքներ] /
_cԱ.Հ. Ավագյան ; Խմբ.՝ Ս.Հ. Ումառյան.
260 _aԵրևան :
_bՀայաստան,
_c1971.
300 _a180 էջ :
_bդիմանկ. ;
_c21 սմ.
650 1 4 _aՀայ գրականություն
700 1 _aՈՒմառյան, Սերգեյ Հովհաննեսի,
_d1920-1995
_eխմբ.
_4edt
_92472
942 _2udc
_cBK
090 _c10522
999 _c10447
_d10447